Electronic circuits (Record no. 136518)

000 -LEADER
fixed length control field 00281nam a2200121Ia 4500
008 - FIXED-LENGTH DATA ELEMENTS--GENERAL INFORMATION
fixed length control field 220120s9999||||xx |||||||||||||| ||und||
020 ## - INTERNATIONAL STANDARD BOOK NUMBER
International Standard Book Number 9789810833428
082 ## - DEWEY DECIMAL CLASSIFICATION NUMBER
Classification number 621.381 GOD
100 ## - MAIN ENTRY--PERSONAL NAME
Personal name Godse, A.P
9 (RLIN) 1195
245 #0 - TITLE STATEMENT
Title Electronic circuits
260 ## - PUBLICATION, DISTRIBUTION, ETC.
Name of publisher, distributor, etc. Singapore
300 ## - PHYSICAL DESCRIPTION
Other physical details 0
Holdings
Withdrawn status Lost status Damaged status Not for loan Collection code Home library Current library Date acquired Barcode Date last seen Price effective from Koha item type
        Electronics and Communication Engineering Central Library Central Library 01/20/2022 GF377 01/20/2022 01/20/2022 Gift Books

Powered by Koha